| 000 | 00779nam a2200301Ia 4500 | ||
|---|---|---|---|
| 001 | 12607 | ||
| 005 | 20240113235406.0 | ||
| 007 | ta | ||
| 008 | 051021s1986 a g b000 u 465 u | ||
| 020 | _a81 207 0079 1 | ||
| 040 | _aCotton College Assam | ||
| 041 | _a465 | ||
| 082 |
_a374 _bKu 962 Ad |
||
| 100 | _aKundu, C.L.. | ||
| 245 | 0 |
_aAdult Education: Principles, Practice and Prospects / _cC.L.Kundu. _hTextual Documents |
|
| 250 | _a2nd ed. / | ||
| 260 |
_aNew Delhi : _bSterling publishers , _c1986. |
||
| 300 |
_a215p. : _bill. ; _c22cm . |
||
| 504 | _aIndex | ||
| 653 | _aEducation | ||
| 653 | _aAdult Education | ||
| 653 | _aG-Education | ||
| 942 |
_2ddc _cBK |
||
| 999 |
_c12593 _d12593 |
||